000 00254nam a2200097Ia 4500
008 231107s1964 xx 000 0 und d
041 _aeng
100 _aAyn Rand
245 _aThe New Intelectul
260 _aNew Jercey
_bThe New American Library Inc.
_c1964
999 _c922656
_d922656